LEADER 02144 am 2200577 n 450 001 9910161654603321 005 20170101 010 $a979-1-0959-9010-9 024 7 $a10.4000/books.europhilosophie.100 035 $a(CKB)3710000001041934 035 $a(FrMaCLE)OB-europhilosophie-100 035 $a(oapen)https://directory.doabooks.org/handle/20.500.12854/62196 035 $a(PPN)241290406 035 $a(EXLCZ)993710000001041934 100 $a20170201j|||||||| ||| 0 101 0 $afre 135 $auu||||||m|||| 181 $ctxt$2rdacontent 182 $cc$2rdamedia 183 $acr$2rdacarrier 200 10$aViolence et langage $eUne lecture de la « Critique de la violence » de Walter Benjamin /$fLéa Veinstein 210 $aToulouse $cEuroPhilosophie Éditions$d2017 330 $aQuels liens unissent le droit et la violence ? Peut-il y avoir une violence pure de cette relation au pouvoir ? C'est en 1921 que Walter Benjamin se pose ces questions, et publie « Pour une critique de la violence ». Partant des situations les plus concrètes que lui donne à penser la politique, il emmène son analyse dans le champ du mythe, de la théologie, inaugurant une articulation nouvelle entre le concept de violence et la philosophie du langage. Ce travail se propose d?analyser ce texte ligne à ligne afin d?en rendre la vivacité philosophique, la force politique, et le mystère poétique. 606 $aPhilosophy 606 $aHistory of Social Sciences 606 $aviolence 606 $alangage 606 $amythe 606 $aguerre 606 $agrève 606 $anom 610 $alangage 610 $amythe 610 $aguerre 610 $anom 610 $agrève 610 $aviolence 615 4$aPhilosophy 615 4$aHistory of Social Sciences 615 4$aviolence 615 4$alangage 615 4$amythe 615 4$aguerre 615 4$agrève 615 4$anom 700 $aVeinstein$b Léa$01322968 801 0$bFR-FrMaCLE 906 $aBOOK 912 $a9910161654603321 996 $aViolence et langage$93389012 997 $aUNINA LEADER 03100 am 2200637 n 450 001 9910496001603321 005 20201020 010 $a2-271-12814-5 024 7 $a10.4000/books.editionscnrs.37997 035 $a(CKB)5590000000429620 035 $a(FrMaCLE)OB-editionscnrs-37997 035 $a(oapen)https://directory.doabooks.org/handle/20.500.12854/84860 035 $a(PPN)267944209 035 $a(EXLCZ)995590000000429620 100 $a20201208j|||||||| ||| 0 101 0 $afre 135 $auu||||||m|||| 181 $ctxt$2rdacontent 182 $cc$2rdamedia 183 $acr$2rdacarrier 200 10$aGens du roc et du sable $eLes Toubou /$fCatherine Baroin 210 $aParis $cCNRS Éditions$d2020 215 $a1 online resource (288 p.) 225 1 $aHors collection 311 $a2-271-06045-1 330 $aNatifs du massif rocheux du Tibesti au c?ur du Sahara, ou des plaines de sable ou de cailloux qui s?étendent jusqu?au lac Tchad, les Toubou sont les voisins des Touaregs à l?est. Pasteurs saharo-sahéliens comme ceux-ci, ils sont moins connus que leurs célèbres confrères nomades. Ils occupent pourtant un quart du Sahara et jouent dans les troubles politiques du Tchad un rôle de premier plan, qui porte épisodiquement sur eux une certaine attention. Leur mode de vie pastoral est assez largement semblable à celui des Touaregs, mais leurs structures sociales sont bien différentes. Leur organisation politique est quasi inexistante, et invétéré leur esprit d?anarchie. Intrépides, guerriers, indépendants et querelleurs, ils manifestent entre eux de fortes solidarités familiales que diffuse la pratique du mariage en dehors du cercle des proches parents. Chacun des auteurs de ce livre, administrateur colonial, historien, ethnologue ou autre, apporte sur le monde toubou son point de vue spécifique. Les observations pourtant convergent sur bien des points, et laissent transparaître l?unité culturelle de ce peuple qui s?adapte avec souplesse à la vie moderne, tout en conservant avec une étrange permanence ces caractéristiques psychiques qui firent, dans le passé, son originalité et sa force. 606 $aAnthropology 606 $aethnologie 606 $aToubou 606 $apastoralisme 606 $anomadisme 606 $aSahara 610 $aethnologie 610 $aToubou 610 $apastoralisme 610 $anomadisme 610 $aSahara 615 4$aAnthropology 615 4$aethnologie 615 4$aToubou 615 4$apastoralisme 615 4$anomadisme 615 4$aSahara 700 $aBaroin$b Catherine$0254111 701 $aBrandily$b Monique$0445582 701 $aBuijtenhuijs$b Robert$0243040 701 $aCaron$b Louis$01328132 701 $aFuchs$b Peter$0498870 701 $aTourneux$b Henry$0465044 701 $aZeltner$b Jean-Claude$0244933 701 $aBaroin$b Catherine$0254111 801 0$bFR-FrMaCLE 906 $aBOOK 912 $a9910496001603321 996 $aGens du roc et du sable$93038376 997 $aUNINA LEADER 01811nam 2200553 450 001 9910814332103321 005 20160803134623.0 010 $a1-78348-906-5 035 $a(CKB)3710000000885318 035 $a(PQKBManifestationID)16494530 035 $a(PQKBWorkID)15027535 035 $a(PQKB)21888068 035 $a(MiAaPQ)EBC4707755 035 $a(EXLCZ)993710000000885318 100 $a20160614h20162016 uy| 0 101 0 $aeng 135 $aurcnu|||||||| 181 $ctxt 182 $cc 183 $acr 200 04$aThe future of meat without animals /$fedited by Brianne Donaldson and Christopher Carter 210 1$aLanham :$cRowman & Littlefield International,$d[2016] 210 4$d©2016 215 $a1 online resource (147 pages) $ccolor illustrations 225 0 $aFuture perfect: images of the time to come in philosophy, politics and cultural studies 300 $aBibliographic Level Mode of Issuance: Monograph 311 $a1-78348-907-3 311 $a1-78348-905-7 320 $aIncludes bibliographical references and index. 606 $aMeat substitutes 606 $aArtificial foods 606 $aAnimal culture$xMoral and ethical aspects 606 $aMeat industry and trade$xMoral and ethical aspects 606 $aAnimal welfare 615 0$aMeat substitutes. 615 0$aArtificial foods. 615 0$aAnimal culture$xMoral and ethical aspects. 615 0$aMeat industry and trade$xMoral and ethical aspects. 615 0$aAnimal welfare. 676 $a664/.9 702 $aDonaldson$b Brianne 702 $aCarter$b Christopher 801 0$bMiAaPQ 801 1$bMiAaPQ 801 2$bMiAaPQ 906 $aBOOK 912 $a9910814332103321 996 $aThe future of meat without animals$94003052 997 $aUNINA